000 00967nam a2200301 i 4500
003 EG-GICUC
005 20260412102725.0
008 260412s1910 fr ||fr|||| 001 0 fre d
040 _aEG-GiCUC
_bfre
_cEG-GiCUC
_dEG-GiCUC
_erda
041 _afre
_hrus
082 0 4 _221
_a341.8
_bDE . P
092 0 4 _221
099 _aLaw1 12 341.8 DE . P 1910
100 1 _aDe Kazansky, P
_eAuteur
245 1 0 _aPrincipes Généraux de Droit International privé /
_cP. De Kazansky.
250 _aTraduit Du Russe Sur La 3 Et Dernière Édition.
_bPar E. Delhumeau.
264 1 _aParis :
_bArthur Rousseau, Éditeur,
_c1910.
300 _a39 pages,
_c24 cm
336 _2rda content
_atext
337 _2rda media
_aComputer
338 _2rda carrier
_aOnline Resource
504 _a
546 _aTexte en français
650 1 4 _aDroit international privé
856 4 0 _uhttps://fll.law.cu.edu.eg/fulltext/bks/B12-01814.pdf
905 _a48
942 _2ddc
_cBK
_e21
_n0
999 _c70168
_d70168